000
00339 a2200157 4500
245
_a
Rééducation des paraplégiques
100
_a
Lacert, Ph.
700
_a
Marpean, M.
700
_a
Calves, M.
260
_c
1978
300
_a
101 p.
035
_a
3653
999
_c
17582
_d
17582